000 00774nam a2200205Ia 4500
999 _c210667
_d210667
003 OSt
005 20220205163353.0
008 220108s9999 xx 000 0 und d
040 _cnls
100 _aInternational Service for Human Rights, and ARC International
245 4 _aThe Yogyakarta Principles plus 10
245 0 _c(ed.) Mauro Cabral Grinspan, Morgan Carpenter, Julia Ehrt, Sheherezade Kara, Arvind Narrain, Pooja Patel, Chris Sidoti, Monica Tabengwa
260 _bInternational Service for Human Rights, and ARC International
260 _c2017
300 _a27p.
650 _aGender and sexuality studies
650 _aLegal studies
856 _uhttps://yogyakartaprinciples.org/wp-content/uploads/2017/11/A5_yogyakartaWEB-2.pdf
942 _cBK
_2ddc